LEADER 00751nam0-22002891i-450- 001 990006585040403321 005 20001010 035 $a000658504 035 $aFED01000658504 035 $a(Aleph)000658504FED01 035 $a000658504 100 $a20001010d--------km-y0itay50------ba 101 0 $aita 105 $ay-------001yy 200 1 $a"Diritto". Incontri e scontri$fdi Riccardo Orestano 210 $aBologna$cIL Mulino$d1981 215 $a805 p., 21 cm 225 1 $aSaggi$v209 700 1$aOrestano,$bRiccardo$068363 801 0$aIT$bUNINA$gRICA$2UNIMARC 901 $aBK 912 $a990006585040403321 952 $aCOLLEZ. 75 (209)$b26663$fFSPBC 959 $aFSPBC 996 $aDiritto$9277495 997 $aUNINA DB $aGEN01 LEADER 01966nam 2200541Ia 450 001 9910455139803321 005 20200520144314.0 010 $a1-281-12433-8 010 $a9786611124335 010 $a1-906534-01-2 035 $a(CKB)1000000000790721 035 $a(StDuBDS)AH23095227 035 $a(SSID)ssj0000289731 035 $a(PQKBManifestationID)11258665 035 $a(PQKBTitleCode)TC0000289731 035 $a(PQKBWorkID)10402824 035 $a(PQKB)10832784 035 $a(MiAaPQ)EBC3416272 035 $a(Au-PeEL)EBL3416272 035 $a(CaPaEBR)ebr10696120 035 $a(OCoLC)923509005 035 $a(EXLCZ)991000000000790721 100 $a20070714d2006 uy 0 101 0 $aeng 135 $aur||||||||||| 181 $ctxt 182 $cc 183 $acr 200 10$aBecause I have been given much$b[electronic resource] $ea story of hope /$fBob Turney 210 $aWInchester, UK $cWaterside Press ;$aPortland, Or. $cNorth American distributor, ISBS$dc2006 215 $a1 online resource (142 p.) 300 $aBibliographic Level Mode of Issuance: Monograph 311 $a1-904380-28-X 330 $bBob Turney was raised on a notorious housing estate in South London, England. At age 15 he was consigned to the scrap heap by an education system that labelled him 'educationally subnormal'. Engulfed by a life of crime from an early age, he graduated to the fringes of organized crime and spent over 20 years drifting in and out of prisons. 606 $aEx-convicts$zGreat Britain$vBiography 606 $aMormon converts$zGreat Britain$vBiography 608 $aElectronic books. 615 0$aEx-convicts 615 0$aMormon converts 676 $a289.3092 700 $aTurney$b Bob$f1944-$0958072 801 0$bMiAaPQ 801 1$bMiAaPQ 801 2$bMiAaPQ 906 $aBOOK 912 $a9910455139803321 996 $aBecause I have been given much$92291423 997 $aUNINA